LEADER 01646nam a2200313 u 4500 001 000000055574 003 CaOOAMICUS 005 20070226115811.0 008 010207s1983 it u000 u ita u 035 $a10867268 040 $aPUL(R)$bita 111 2 $aCorso di aggiornamento culturale dell'Università cattolica$n(52 :$d1982 :$cBolzano).$0(OLS)http://pul/name/39052 245 10$aDiritti dell'uomo e società internazionale :$batti del 52. Corso di aggiornamento culturale dell'Università cattolica. Bolzano, 29 agosto- 3 settembre 1982 /$ccontributi di Lazzati ... [et al.]. 260 $aMilano :$bVita e pensiero,$c1983. 300 $a260 p. ;$c22 cm 490 1 $aLe api 650 4$aDiritti umani.$0(OLS)http://pul/subject/3219 700 1 $aLazzati, Giuseppe,$d1909-1986.$0(OLS)http://pul/name/1014 710 2 $aUniversità cattolica del Sacro Cuore. Sede di Milano.$0(OLS)http://pul/name/534 830 3$aLe api.$0(OLS)http://pul/title/27920 850 $aPUL 852 $aPUL$W1$xCollocazioni Temporanee$y24$mGP2 A VIII.10$j73038$nBK-PRI$b $qStampati$B73038$CPULBib$Z2$F73038 $81 852 $aPUL$W1$xDP1 Fondo G. Barberini$y122$m4 A 31$j18619$nBK-PRI$b 2 copia$qFondi$B180176$CPULBib$Z2$F180176 $HBar1915 $81 941 1 $a1 941 1 $a8 960 $aDiritti dell'uomo$93219 961 $aINV: 0360 996 $6245$aDiritti dell'uomo e società internazionale :$batti del 52. Corso di aggiornamento culturale dell'Università cattolica. Bolzano, 29 agosto- 3 settembre 1982$9(OLS)http://pul/title/74378 996 $6260$aMilano :$bVita e pensiero$9(OLS)http://pul/publisher/48016 LEADER 01335nam a2200325 u 4500 001 000000071823 003 CaOOAMICUS 005 20070226122155.0 008 020605s1990 it u000 u ita u 020 $a8810901614 035 $a10932170 040 $aPUL(R)$bita 100 1 $aGiglioni, Paolo.$0(OLS)http://pul/name/34727 245 10$aMinisteri e servizi per la missione :$bla vocazione di ciascuno per il bene di tutti /$cPaolo Giglioni. 260 $aBologna :$bEdizioni Dehoniane,$cc1990. 300 $a95 p. ;$c22 cm 490 1 $aServire il vangelo 650 4$aVocazione.$0(OLS)http://pul/subject/7791 650 4$aSacerdozio.$0(OLS)http://pul/subject/211 650 4$aLaici.$0(OLS)http://pul/subject/212 830 0$aServire il vangelo.$0(OLS)http://pul/title/76711 850 $aPUL 852 $aPUL$W1$xDP1 Religione 1$y20$m555 I 68$j92903$nBK-PRI$b $qStampati$B92903$CPULBib$Z2$F92903 $H $81 941 1 $a8 960 $aOrdine sacro$9211 960 $aOrdine sacro$9211 961 $aINV: 666356 996 $6020$a8810901614$9(OLS)http://pul/number/92743 996 $6245$aMinisteri e servizi per la missione :$bla vocazione di ciascuno per il bene di tutti$9(OLS)http://pul/title/94524 996 $6260$aBologna :$bEdizioni Dehoniane$9(OLS)http://pul/publisher/48070